| 000 | 00544nam a2200181 4500 | ||
|---|---|---|---|
| 001 | 123334 | ||
| 003 | ES-MaACL | ||
| 005 | 20251015063127.0 | ||
| 007 | t| | ||
| 008 | 070214s1934 sp r ||||1| spa d | ||
| 100 | 1 |
_aRacine, Jean, _d1639-1699 _994887 |
|
| 245 | 1 | 0 |
_aBerenice _b: tragedia / _cJean Racine ; traducción en verso por Juan Chabás. |
| 260 |
_aMadrid : _bEspasa-Calpe, _c1934. |
||
| 300 |
_a100 p. ; _c16 cm. |
||
| 700 | 1 |
_aChabás, Juan ( _d1900-1954) _937722 |
|
| 852 |
_aES-MaACL _jC-4638 |
||
| 999 |
_c123334 _d123334 |
||